000 00342nam a2200145Ia 4500
008 100122s9999 xx 000 0 und d
082 _b22764
_a822
100 _aGREENE GRAHAM
245 _aTHE POTTING SHED
260 _bPENGUIN BOOKS
_c1958
300 _a91
630 _aTHE POTTING SHED
730 _aTHE POTTING SHED
942 _cBOOK
999 _c367078
_d367075